| 000 | 00593nam a2200217 a 4500 | ||
|---|---|---|---|
| 999 |
_c905 _d905 |
||
| 008 | 191107t1859 xxka|||g |||| 00| 0 eng d | ||
| 020 |
_a9781784872823 _cRs. 150.00 |
||
| 040 |
_aKO _beng |
||
| 041 | 0 | _aeng | |
| 044 | _axxk | ||
| 082 | 0 | 4 |
_223 _a823.8 _bD555 |
| 100 | 1 | _aDickens, Charles | |
| 245 | 1 | 0 |
_aA Tale of Two Cities / _cCharles Dickens; Illustrated by Phiz |
| 260 |
_aLondon : _bVintage (Penguin Random House) , _c1859 |
||
| 300 |
_axi, 404 p. : _bill. ; _c18 cm. |
||
| 650 | 0 |
_aHistory _vRevolution _zFrance |
|
| 700 |
_aPhiz _eill |
||
| 904 | _aA_BOSE | ||
| 942 | _cBK | ||